000
00269nam a22001217a 4500
020
_a
81-7573-106-0
082
_a
823
_b
AND/W
100
_a
ANDERSON, CHRISTIAN HANS
245
_a
THE WILD SWANS
260
_a
DELHI
_b
TINY TOT
650
_a
ENGLISH SHORT STORY
942
_c
BK
999
_c
3355
_d
3355